00953nam a2200217 a 4500001001000000003000400010005001700014008004100031020001800072040002500090110006300115245008800178260004400266300002100310700004000331942001400371952011300385952011900498952010100617999001700718000044668OSt20240229073823.0141215s2011 dr 000 0 spa d a9789945877212 aDO-SdBNPbspacBNPHU1 aRepública Dominicana :bSuprema Corte de Justicia.9790610aDía del Poder Judicial :ba modo de resumen anual enero 2011 /cJorge Subero Isa. aSanto Domingo :bPoder Judicial,c2011. a251 p. ;c21 cm.1 aSubero Isa, Jorge A.,d1947-976863 2ddccLBS1 00102ddc708PDaBNPHUbPDcHDd2014-12-15eDeposito legal iLF1l0p44668-10r2020-06-25w2020-06-25yLFPD 00102ddc728PDaBNPHUbPDcHDd2014-12-15eDeposito legal iLF1l0p44668-20r2020-06-25te. 2w2020-06-25yLFPD 00102ddc708MOaBNPHUbGRd2020-10-30eGraciela Geraldol0r2020-10-30te. 3w2020-10-30yLBS1 c44157d44157